[Event "Moscow (Women) op 19th"]
[Site "Moscow"]
[Date "2023.07.17"]
[Round "1"]
[White "Charochkina, Daria"]
[Black "Emelyanova, Elena"]
[Result "1-0"]
[WhiteElo "2339"]
[BlackElo "1712"]
[PlyCount "55"]
[EventDate "2023.07.17"]
[EventType "swiss"]
[EventRounds "9"]
[EventCountry "RUS"]
[SourceTitle "CBM 215 Extra"]
[Source "ChessBase"]
[SourceDate "2023.09.30"]
[SourceVersion "1"]
[SourceVersionDate "2023.09.30"]
[SourceQuality "1"]

1. d4 d5 2. c4 e6 3. Nc3 Nf6 4. cxd5 exd5 5. Bg5 Be7 6. e3 0-0 7. Bd3 c6 8. Nge2 Nbd7 9. Qc2 Re8 10. f3 Nf8 11. 0-0 h6 12. Bh4 Ne6 13. Rad1 b6 14. Kh1 Bb7 15. h3 c5 16. Bb5 Rf8 17. dxc5 Bxc5 18. e4 Be7 19. exd5 Nc7 20. Bc6 Bxc6 21. dxc6 Qe8 22. Nd4 Qc8 23. Nf5 Bd8 24. Rxd8 Qxd8 25. Ne4 Ncd5 26. Rd1 Qc7 27. Nxf6+ Nxf6 28. Bg3 1-0